| 000 | 02370cam a2200589 a 4500 | ||
|---|---|---|---|
| 001 | 20908 | ||
| 003 | VRT | ||
| 005 | 20260206152806.0 | ||
| 008 | 240314s1969 xo 0000f slo | ||
| 015 | _aSNBA1969/09-01955 | ||
| 035 | _aSNK000235433 | ||
| 039 | 9 |
_a202403141440 _bVLOAD _c202310241917 _dAUTHORITY _c202109282026 _dVLOAD _c202109162300 _dVLOAD |
|
| 040 |
_aSNK _bslo _cSNK _eAACR2 |
||
| 041 | 1 |
_aslo _hfre |
|
| 044 |
_axo _cSK |
||
| 080 |
_a821.133.1-31 _22011 |
||
| 100 | 1 |
_aMauriac, François, _d1885-1970 _4aut |
|
| 245 | 1 | 0 |
_aBozk malomocnému _cFrançois Mauriac; [zostavil a doslov napísal Jozef Felix ; z francúzskych originálov ... preložili Ružena Jamrichová, Jozef Felix a Vladimír Dudáš] |
| 250 | _a1. vyd. | ||
| 260 |
_aBratislava _bSlovenský spisovateľ _c1969 |
||
| 300 |
_a329 s. _c21 cm |
||
| 366 | _e20 000 výt. | ||
| 490 | 1 | _aKnižnica Nobelových cien | |
| 500 | _aObsahuje 4 diela | ||
| 500 | _aViazaná | ||
| 655 | 0 | 7 |
_afrancúzske romány _2SNKPH |
| 700 | 1 |
_aJamrichová, Ružena, _d1918-2009 _4trl |
|
| 700 | 1 |
_aFelix, Jozef, _d1913-1977 _4trl _4com _4aft |
|
| 700 | 1 |
_aDudáš, Vladimír, _d1935-2011 _4trl |
|
| 700 | 1 | 2 |
_aMauriac, François, _d1885-1970 _aThérèse Desqueyroux _lSlovensky |
| 700 | 1 | 2 |
_aMauriac, François, _d1885-1970 _aDestins _lSlovensky |
| 700 | 1 | 2 |
_aMauriac, François, _d1885-1970 _tBozk malomocnému |
| 700 | 1 | 2 |
_aMauriac, François, _d1885-1970 _aGenitrix _lSlovensky |
| 740 | 0 | 2 | _aThérése Desqueyrouxová |
| 740 | 0 | 2 | _aOsudy |
| 740 | 0 | 2 | _aGenitrix |
| 830 | 0 | _aKnižnica Nobelových cien | |
| 942 |
_2ddc _cKLDO _n0 |
||
| 949 |
_617A0061403 _9P60, <04>, [BOOK], {604} _asnkSD 36042 D1 |
||
| 949 |
_6273K0360601 _asvkpoA 74729 _bsvkpo169341 |
||
| 949 |
_63830001085642 _akurukT7/MAUR1-2 _bkuruk2014/F991 _oD2014/prof. Volek, Lujza Voleková |
||
| 949 |
_63830001004744 _akurukT7/MAUR1-2 |
||
| 949 |
_63830001004745 _akurukT7/MAUR1-2 |
||
| 949 |
_64710702479 _astrmkB _bstrmk2008/2479 |
||
| 949 |
_617A0884457 _asnkSD 36042 |
||
| 949 |
_6369701000006949 _aaubbO 4376 _baubbO4376 _pDarca: Stračina, Svetozár |
||
| 949 |
_62889025649 _asavukM 35302 |
||
| 949 |
_6270001000588635 _asvkbbS 31534 _bsvkbbm 203837 |
||
| 949 |
_6270001000588636 _asvkbbS 31535 _bsvkbbm 204240 |
||
| 999 |
_c20908 _d20908 |
||